Devine a quoi je pense - Statistiques

Statistiques générales
  • Ce quiz a été pris 158 fois
  • Le résultat moyen est 8 sur 15
Statistiques - réponses
Hint Réponse % Correct
un chiffre entre 1 et 10 4
98%
une couleur Bleu
94%
une lettre de l'alphabet J
93%
1 des 4 elements Eau
87%
un moyen de transport Bus
64%
un pays qui commence par la lettre A Algérie
47%
une fleur Tulipe
47%
un animal domestique Lapin
44%
un prénom féminin en L Louise
42%
un legume Carotte
38%
un animal de la savane Tigre
37%
un objet dans la maison qu'on utilisetout les jours. Pour l'hygiene Brosse a dent
36%
un drapeau bleu clair avec une etoile blanche au centre Somalie
32%
un fruit Cerise
29%
un animal aquatique Etoile de mer
6%
Aucun quiz correspondant
Distribution des résultats
% des personnes avec chaque résultat
Percentile par nombre de réponses
Votre historique - résultats
Vous n’avez pas pris ce quiz